1733 1433 1035 1042 1963 1219 1712 1222 1184 1949 1900 1995 1448 1070 1688 1240 1378 1867 1422 1225 1132 1228 1790 1110 1556 1936 1294 1341 1539 1258 1759 1648 1172 1550 1424 1980 1220 1400 1659 1985 1569 1671 1849 1606 1423 1615 1362 1319 1778 1129 1645 1757 1318 1876 1667 1192 1780 1098 1876 1016 1568 1481 1895 1466 1670 1874 1705 1180 1788 1000 1916 1691 1056 1324 1494 1231 1973 1994 1512 1540 1055 1496 1045 1783 1732 1288 1976 1343 1769 1965 1008 1325 1907 1850 1779 1601 1804 1593 1774 BCNSPRNW ULIB Ver.6.0+V

เปลี่ยนเป็นภาษาไทย

Change to English
 แสดงรายละเอียดบรรณานุกรม
  กลับหน้าหลัก

Brief Record : Get Marc (ISO 2709) : E-mail record : QR code < ปิดหน้าต่าง
LEADER : 00000nam 2200000uu 4500
001    13399124516
003     ULIB
008    150818s2542||||th 000 0 tha d
020    9789742552787 (ล.1)
020    9742552789 (ล.1)
090    นว.^bพ541ส ล.1
100 0  พัดชา
245 00 สามี เล่ม1/^cพัดชา
250    พิมพ์ครั้งที่ 2
260    กรุงเทพฯ :^bบูรพาสาส์น(1991)จำกัด,^c2542
300    528 หน้า
945    ^p350^l0^i23108
995    ทศพร
999    () ^aใช้งานได้ทุกระบบ
รายการนี้ยังไม่มีแท็ก
คุณยังไม่ได้ล็อกอิน คุณสามารถมีกิจกรรมร่วมกับเว็บไซต์ได้ แต่ต้องล็อกอินก่อน ::
  ล็อกอิน

รายการสื่อสารสนเทศ

ลำดับที่ ประเภท เลขเรียก/บาร์โค้ด สถานที่ สถานะ
1. นวนิยาย
นวนิยาย
นว. พ541ส ล.1 ฉ.1 
  Barcode: 23108
ห้องสมุดวิทยาเขตนครสวรรค์
►นวนิยาย:l:Fiction
บนชั้น

รายการใกล้เคียง
    ผู้แต่ง [พัดชา]

BibComment


ยังไม่เคยถูกคอมเมนท์

คอมเมนท์ทรัพยากรรายการนี้
  คอมเมนท์: สามี เล่ม1 พัดชา


 Copyright 2026. Bcnsprnw @Library